00629nam a2200217Ia 4500003000900000008004100009040001300050040001300063041000800076100002400084245002600108250001000134260000900144260000900153300001100162300001000173490000600183942000700189999001700196952019800213IT-RoPAU120407s9999 xx 000 0 und d aIT-RoPAU cIT-RoPAU aita aJean C. M. Cantinat aLes Actes des Apotres aParis aMame c1966 a191 p. c18 cm v1 cBK c27948d27948 00102ddc406226_65000000000000071aPAULUSbPAULUSd2012-04-11l0o226.65r2012-04-11 00:00:00w2012-04-11yBKzInserito da: LuigiG In data: 27 ottobre 2011 fondo: Via A.Severo 56 Progr:24057